| 000 | 00360nam a2200145Ia 4500 | ||
|---|---|---|---|
| 005 | 20251222153553.0 | ||
| 008 | 251222s9999||||xx |||||||||||||| ||spa|| | ||
| 020 | _a9788468631004 | ||
| 082 | _a809.3/M26 | ||
| 100 | _aMartÃnez Paredes, Juan Carlos | ||
| 245 | 0 | _aEl Silencio de las Plantas | |
| 250 | _a1ra.ed. | ||
| 264 | _bBubok Publishing | ||
| 942 | _cLIB | ||
| 999 |
_c30942 _d30942 |
||